[Event "9th Aeroflot Open A"]
[Site "Moscow RUS"]
[Date "2010.02.15"]
[Round "7"]
[White "Morovic Fernandez,I"]
[Black "Salgado Lopez,I"]
[Result "0-1"]
[WhiteElo "2561"]
[BlackElo "2584"]

1.d4 Nf6 2.c4 e6 3.Nf3 d5 4.Nc3 c6 5.e3 Nbd7 6.Qc2 Bd6 7.Bd3 O-O 8.O-O dxc4
9.Bxc4 a6 10.Rd1 b5 11.Be2 Qc7 12.e4 e5 13.dxe5 Nxe5 14.h3 Re8 15.Bg5 Qe7
16.Nd4 b4 17.Na4 c5 18.Nf3 Rb8 19.Be3 c4 20.Nd4 Bd7 21.Nf5 Bxf5 22.exf5 b3
23.axb3 cxb3 24.Qb1 a5 25.Rd4 Nc6 26.Rd3 Nb4 27.Rxb3 Nbd5 28.Rxb8 Rxb8 29.Qd3 Qe5
30.g3 Nxe3 31.Qxe3 Qxe3 32.fxe3 Bxg3 33.Nc3 Bc7 34.Bb5 h5 35.Ra4 Bd6 36.Kf2 Bb4
37.Bc6 Rc8 38.Bf3 h4 39.Ke2 Rc5 40.e4 Nd7 41.Kf2 Ne5 42.Be2 f6 43.Bf1 Kh7
44.Ra1 Kh6 45.Rc1 Rc7 46.Na2 Rb7 47.Be2 Bd6 48.Rc8 Kg5 49.Nc3 Rxb2 50.Nd5 Nd3+
51.Ke3 Ne1 52.Kf2 Bg3+ 53.Kf1 Rb1 54.Rg8 Nd3+ 55.Kg2 Nf4+ 56.Nxf4 Kxf4 57.Rxg7 Ke3
58.Ba6 Rb2+ 59.Kg1 Kf3 60.Rb7 Rxb7 61.Bxb7 Be5  0-1

[Event "FSGM February"]
[Site "Budapest HUN"]
[Date "2010.02.16"]
[Round "11"]
[White "Farago,I"]
[Black "Rapport,R"]
[Result "0-1"]
[WhiteElo "2512"]
[BlackElo "2444"]

1.d4 d5 2.c4 c6 3.Nc3 Nf6 4.e3 e6 5.Nf3 Nbd7 6.Qc2 Bd6 7.Bd3 O-O 8.O-O dxc4
9.Bxc4 b5 10.Be2 Bb7 11.Rd1 Qc7 12.e4 e5 13.Bg5 exd4 14.Rxd4 Ne5 15.Bxf6 gxf6
16.g3 Bc5 17.Rd2 Rfd8 18.Nh4 Ng6 19.Nf5 Rxd2 20.Qxd2 Rd8 21.Qh6 Bf8 22.Qh3 Qe5
23.a3 Rd2 24.Rd1 Rxd1+ 25.Bxd1 c5 26.f4 Qe6 27.Bf3 Qb3 28.Qg2 b4 29.axb4 cxb4
30.Bd1 Qe6 31.Bg4 Qb6+  0-1

[Event "TCh-Eur Seniors"]
[Site "Dresden GER"]
[Date "2010.02.16"]
[Round "7"]
[White "Seibt,M"]
[Black "Saharinen,P"]
[Result "1-0"]
[WhiteElo "2016"]
[BlackElo "1857"]

1.d4 d5 2.Nf3 Nf6 3.c4 c6 4.Nc3 e6 5.e3 Nbd7 6.Bd3 dxc4 7.Bxc4 b5 8.Bd3 Bd6
9.O-O Bb7 10.e4 e5 11.Re1 O-O 12.Bg5 h6 13.Bh4 Re8 14.Rc1 Qb6 15.Bb1 exd4
16.Nxd4 Bf4 17.Rc2 c5 18.Ndxb5 a6 19.Na3 Qe6 20.Bg3 Bxg3 21.hxg3 Rad8 22.Rd2 Re7
23.Rd6 Qg4 24.Qxg4 Nxg4 25.Red1 Bc8 26.Na4 Rde8 27.f3 Ngf6 28.Nc4 Ne5 29.Nab6 Nxc4
30.Nxc4 Rd7 31.Bc2 Rxd6 32.Nxd6 Rd8 33.Nxc8 Rxc8 34.Ba4 Kf8 35.Kf2 c4 36.Rc1 Ke7
37.Ke3 Nd7 38.Bxd7 Kxd7 39.Kd4 Rb8 40.Rc2 Rb4 41.a3 Rb6 42.Kxc4 h5 43.f4 Rg6
44.Rc3 Rc6+ 45.Kd4 Rd6+ 46.Ke3 Rg6 47.Rd3+ Ke7 48.Kf3 a5 49.Rd5 Rb6 50.Rxh5 Rb3+
51.Kg4 Rxb2 52.Rxa5 Rxg2 53.Ra7+ Kf8 54.a4 f6 55.a5 Rd2 56.Kf5 Rc2 57.a6 Rc5+
58.e5 fxe5 59.fxe5 Rc3 60.Ra8+ Ke7 61.a7 Rf3+ 62.Kg4 Ra3 63.Rg8 Ke6 64.a8=Q  1-0

[Event "TCh-Eur Seniors"]
[Site "Dresden GER"]
[Date "2010.02.16"]
[Round "7"]
[White "Dickhoff,R"]
[Black "Bonner,G"]
[Result "1/2-1/2"]
[WhiteElo "2123"]
[BlackElo "2179"]

1.d4 d5 2.c4 c6 3.Nc3 Nf6 4.e3 e6 5.Nf3 Nbd7 6.Be2 Bd6 7.Qc2 a6 8.b3 e5 9.Bb2 e4
10.Nd2 O-O 11.O-O-O a5 12.f3 exf3 13.gxf3 Bb4 14.Rhg1 Re8 15.e4 Bxc3 16.Bxc3 Nf8
17.Bd3 Be6 18.e5 Nh5 19.Nf1 Nf4 20.Bd2 Qh4 21.Ne3 Kh8 22.Be1 Nxd3+ 23.Rxd3 Qh5
24.Qg2  1/2-1/2

[Event "TCh-Eur Seniors"]
[Site "Dresden GER"]
[Date "2010.02.16"]
[Round "7"]
[White "Neudel,B"]
[Black "Gaebler,H"]
[Result "1-0"]
[WhiteElo "1937"]
[BlackElo "1750"]

1.d4 Nf6 2.Nf3 e6 3.c4 d5 4.Nc3 c6 5.e3 Bd6 6.Bd3 O-O 7.O-O Nbd7 8.b3 e5
9.dxe5 Nxe5 10.Nxe5 Bxe5 11.Bb2 Bxh2+ 12.Kxh2 Ng4+ 13.Kg3 Qd6+ 14.Kf3 Nh2+
15.Ke2 Nxf1 16.Qxf1 f5 17.g3 Be6 18.cxd5 cxd5 19.Nb5 Qe7 20.Ba3  1-0

[Event "9th Aeroflot Open A"]
[Site "Moscow RUS"]
[Date "2010.02.16"]
[Round "8"]
[White "Salem,AR"]
[Black "Vazquez Igarza,R"]
[Result "0-1"]
[WhiteElo "2484"]
[BlackElo "2560"]

1.d4 d5 2.c4 c6 3.Nc3 Nf6 4.e3 e6 5.Nf3 Nbd7 6.Bd3 dxc4 7.Bxc4 b5 8.Bd3 Bd6
9.O-O O-O 10.Qc2 Bb7 11.a3 Qe7 12.Ng5 h6 13.Nge4 Nxe4 14.Nxe4 c5 15.Nxd6 Qxd6
16.Rd1 cxd4 17.Bh7+ Kh8 18.Rxd4 Qe7 19.Bd3 Ne5 20.Be2 Rac8 21.Qd1 Rfd8 22.f3 Qg5
23.Rxd8+ Rxd8 24.Qf1 Nc4 25.Qe1 Qe5 26.a4 Nxe3 27.Qc3 Qxc3 28.bxc3 Nd5 29.axb5 Nxc3
30.Bf1 Rd1 31.Bb2 Rxa1 32.Bxa1 Nd5 33.Be5 Nb6 34.Kf2 Kg8 35.Bb8 Nc8 36.Ke3 Kf8
37.Kd4 Ke7 38.Kc5 Kd7 39.Bd3 Bd5 40.Be5 f6 41.Bb8 g5 42.h3 h5 43.Bg6 h4 44.Bd3 Bb7
45.Kb4 Kd8 46.Be4 Bxe4 47.fxe4 Kd7 48.Ka5 Nd6 49.Ka6 Nxe4 50.Kxa7 e5 51.b6 Nc5
52.b7 Ke6 53.Bc7 Nd7 54.Ka6 e4 55.b8=Q Nxb8+ 56.Bxb8 Kd5 57.Kb5 f5 58.Kb4 Kd4
59.Ba7+ Kd3 60.Kc5 f4 61.Kd6 f3 62.gxf3 exf3 63.Ke5 Ke2  0-1

[Event "Open"]
[Site "Novy Bor CZE"]
[Date "2010.02.16"]
[Round "5"]
[White "Loktiev,I"]
[Black "Navratil,Ji1"]
[Result "1-0"]
[WhiteElo "2243"]
[BlackElo "2163"]

1.d4 d5 2.Nf3 c6 3.c4 Nf6 4.Nc3 e6 5.e3 Bd6 6.b3 Nbd7 7.Bb2 O-O 8.Be2 Qc7
9.Rc1 dxc4 10.Bxc4 e5 11.h3 exd4 12.exd4 Nb6 13.O-O Nxc4 14.bxc4 Re8 15.Qd3 Bd7
16.d5 Rad8 17.Ne2 cxd5 18.cxd5 Qa5 19.Bxf6 gxf6 20.Nc3 Kg7 21.Nd4 Be5 22.f4 Bxd4+
23.Qxd4 Qb6 24.Qxb6 axb6 25.Rf3 Bf5 26.g4 Be4 27.Re3 f5 28.Kf2 Rd6 29.gxf5  1-0

[Event "BSF 75th Ann."]
[Site "Bronshoj DEN"]
[Date "2010.02.17"]
[Round "4"]
[White "Carstensen,J"]
[Black "Jorgensen,R"]
[Result "1-0"]
[WhiteElo "2317"]
[BlackElo "2015"]

1.d4 d5 2.c4 c6 3.Nc3 e6 4.e3 Nf6 5.Nf3 Nbd7 6.Bd3 dxc4 7.Bxc4 b5 8.Be2 a6
9.O-O Bb7 10.e4 b4 11.e5 bxc3 12.exf6 Nxf6 13.bxc3 Be7 14.Rb1 Rb8 15.Qa4 O-O
16.Bxa6 Bxa6 17.Rxb8 Qxb8 18.Qxa6 Qc7 19.Ne5 c5 20.Ba3 cxd4 21.cxd4 Bxa3
22.Qxa3 Rd8 23.Rc1 Rxd4 24.h3 Qb7 25.Qa7  1-0

[Event "Uxbridge Int Petrosian"]
[Site "Uxbridge ENG"]
[Date "2010.02.17"]
[Round "9"]
[White "Staneland,P"]
[Black "Jain,R"]
[Result "0-1"]
[WhiteElo "1742"]
[BlackElo "1879"]

1.Nf3 Nf6 2.c4 c6 3.d4 d5 4.Nc3 e6 5.e3 Nbd7 6.Bd3 Bd6 7.O-O O-O 8.Re1 dxc4
9.Bxc4 e5 10.e4 exd4 11.e5 Nxe5 12.Nxe5 dxc3 13.Nf3 Bb4 14.bxc3 Bxc3 15.Ba3 Bxa1
16.Bxf8 Qxd1 17.Rxd1 Kxf8 18.Rxa1 Ne4 19.Re1 Bf5 20.Nh4 Nd6 21.Bb3 Re8 22.Rd1 Be6
23.g3 Bxb3 24.axb3 Ke7 25.f4 g6 26.Nf3 Rd8 27.Ne5 f6 28.Ng4 h5 29.Re1+ Kf7
30.Nf2 Nb5 31.Re3 Rd5 32.Ne4 a5 33.Kf2 Nd6 34.Nc3 Rd2+ 35.Kf3 Nf5 36.Nb1  0-1

[Event "26th Open"]
[Site "Cappelle la Grande FRA"]
[Date "2010.02.18"]
[Round "7"]
[White "Kazhgaleyev,M"]
[Black "Zherebukh,Y"]
[Result "0-1"]
[WhiteElo "2643"]
[BlackElo "2531"]

1.d4 d5 2.c4 c6 3.Nc3 Nf6 4.Nf3 e6 5.e3 Nbd7 6.Bd3 dxc4 7.Bxc4 b5 8.Bd3 a6
9.e4 c5 10.e5 cxd4 11.Nxb5 axb5 12.exf6 gxf6 13.O-O Qb6 14.Qe2 Bb7 15.Bxb5 Rg8
16.Bf4 Bd6 17.Bg3 f5 18.Rfc1 f4 19.Bh4 Be7 20.a4 Qd6 21.Ra3 Ra5 22.Rd3 Bxh4
23.Nxh4 Rxb5 24.axb5 Ne5 25.f3 Nxd3 26.Qxd3 Rg5 27.Qxh7 d3 28.Rd1 Qd4+ 29.Kh1 d2
30.h3 Qxb2 31.Qd3 Rd5 32.Qe2 Bc8 33.b6 Qc1 34.Kh2 Kf8 35.g3 fxg3+ 36.Kxg3 Ba6
37.Qxa6 Qxd1 38.b7 Qe1+ 39.Kg2 Rg5+  0-1

[Event "TCh-Eur Seniors"]
[Site "Dresden GER"]
[Date "2010.02.18"]
[Round "9"]
[White "Neudel,B"]
[Black "Hentzschel,E"]
[Result "0-1"]
[WhiteElo "1937"]
[BlackElo "1947"]

1.d4 e6 2.c4 d5 3.Nc3 c6 4.e3 Nf6 5.Nf3 Bd6 6.Be2 dxc4 7.Bxc4 b5 8.Be2 Bb7
9.a3 Qc7 10.e4 e5 11.d5 a6 12.Bg5 Nbd7 13.dxc6 Bxc6 14.Rc1 Be7 15.Bd3 Qb7
16.Qe2 O-O 17.b4 Rfe8 18.O-O h6 19.Bd2 Nh7 20.Ne1 Bg5 21.Nf3 Bxd2 22.Qxd2 Rad8
23.Qe2 Ndf6 24.Rfd1 Nf8 25.Bb1 Ng6 26.g3 Rxd1+ 27.Rxd1 Bd7 28.Ne1 Be6 29.f3 Bc4
30.Bd3 Be6 31.Bb1 Rc8 32.Qd2 Qb6+ 33.Kg2 Bb3 34.Rc1 Rd8 35.Qe2 Qd4 36.Ba2 Bxa2
37.Nxa2 Nh5 38.Nc3 Ngf4+  0-1

[Event "XXVII SuperGM"]
[Site "Linares ESP"]
[Date "2010.02.18"]
[Round "5"]
[White "Aronian,L"]
[Black "Gelfand,B"]
[Result "1/2-1/2"]
[WhiteElo "2781"]
[BlackElo "2761"]

1.d4 d5 2.c4 c6 3.Nc3 Nf6 4.e3 e6 5.Nf3 Nbd7 6.Bd3 dxc4 7.Bxc4 b5 8.Bd3 a6
9.a4 Bb7 10.b3 bxa4 11.Nxa4 c5 12.dxc5 Nxc5 13.Nxc5 Bxc5 14.O-O O-O 15.Bb2 Bxf3
16.gxf3 a5 17.f4 Be7 18.Bc4 Ne4 19.Qc2 Bf6 20.Rfd1 Qc7 21.Qxe4 Bxb2 22.Ra2 Bf6
23.f5 exf5 24.Qxf5 Rfd8 25.Rd5 Qb6 26.Rb5 Qd6 27.Rbxa5 Rxa5 28.Rxa5 g6 29.Qf3 Kg7
30.Kg2 Qc7 31.Rd5 Rxd5 32.Qxd5 Bc3 33.Kf1 f5 34.Kg2 Qe7 35.Kf1 Qc7 36.h3 Qh2
37.Qf3 Bf6 38.b4 Qc7 39.Qd5 Qe5 40.Qf7+ Kh6 41.b5 Qd6 42.Qb7 f4 43.Qf3 fxe3
44.fxe3 Bd8 45.Ke2 Bb6 46.h4 Qe5  1/2-1/2

[Event "NordWest-Cup"]
[Site "Bad Zwischenahn GER"]
[Date "2010.02.20"]
[Round "4"]
[White "Ivanov,MM"]
[Black "Kyas,P"]
[Result "1-0"]
[WhiteElo "2465"]
[BlackElo "1959"]

1.d4 d5 2.Nf3 Nf6 3.c4 c6 4.e3 e6 5.Nc3 Be7 6.Bd3 O-O 7.O-O dxc4 8.Bxc4 b5
9.Bd3 Bb7 10.e4 a6 11.e5 Nfd7 12.Qc2 g6 13.Bh6 Re8 14.Be4 Nb6 15.Rfd1 Nd5
16.Qd2 Nd7 17.Bg5 N7b6 18.h4 Qc7 19.Rac1 Nc4 20.Qe2 a5 21.b3 Nxc3 22.Rxc3 Na3
23.Bxe7 Rxe7 24.Rdc1 Rc8 25.Qe3 Qd8 26.Bxc6 Bxc6 27.Rxc6 Rxc6 28.Rxc6 Kg7
29.h5 Rc7 30.Rxc7 Qxc7 31.Qg5 b4 32.h6+ Kf8 33.Qf4 f5 34.Ng5 Qd7 35.Qf3 Ke7
36.Nxh7 Qxd4 37.Qb7+ Kd8 38.Qb8+ Kd7 39.Nf6+ Kc6 40.Qd6+  1-0

[Event "26th Open"]
[Site "Cappelle la Grande FRA"]
[Date "2010.02.20"]
[Round "9"]
[White "Vera Gonzalez Quevedo,R"]
[Black "Corrales Jimenez,F"]
[Result "0-1"]
[WhiteElo "2499"]
[BlackElo "2602"]

1.d4 d5 2.Nf3 Nf6 3.c4 c6 4.Nc3 e6 5.e3 Nbd7 6.Bd3 dxc4 7.Bxc4 b5 8.Bd3 Bd6
9.O-O Bb7 10.a3 O-O 11.Bd2 e5 12.Qc2 Re8 13.b4 Qe7 14.Ng5 h6 15.Nge4 Bc7
16.Rfe1 a5 17.Rab1 axb4 18.axb4 Bb6 19.h3 exd4 20.exd4 Bxd4 21.Nc5 Ne5 22.Be3 Nxd3
23.Qxd3 Bxc5 24.bxc5 Rad8 25.Qc2 Bc8 26.Red1 Be6 27.Qb2 Bc4 28.Qb4 Nd5 29.Nxd5 Rxd5
30.Rdc1 Bd3 31.Ra1 Qf6 32.Ra6 Be4 33.Qe1 Qg6 34.Qf1 Bd3 35.Qd1 Be4 36.Qg4 Qf6
37.Rb6 h5 38.Qg3 Qe6 39.Kh2 Rd3 40.Ra1 Bd5 41.Rb7 Qe4 42.Raa7 Rd1 43.Bh6 Qd4
44.Rb8 Rxb8 45.Qxb8+ Kh7 46.Be3 Qe4 47.Qg3 b4 48.Ra4 f6 49.Ra7 Qg6 50.Rb7 b3
51.h4 Rd3 52.Rb8 Qxg3+ 53.Kxg3 g5 54.hxg5 fxg5 55.Kh2 Kg6 56.Bc1 Rc3 57.Be3 Kf5
58.Rb4 Rc4 59.Rb8 Rh4+ 60.Kg1 Rg4 61.g3 Ra4  0-1

[Event "26th Open"]
[Site "Cappelle la Grande FRA"]
[Date "2010.02.20"]
[Round "9"]
[White "Le Roux,JP"]
[Black "Sumets,A"]
[Result "1-0"]
[WhiteElo "2497"]
[BlackElo "2621"]

1.d4 d5 2.c4 c6 3.Nc3 Nf6 4.e3 e6 5.Nf3 Nbd7 6.Bd3 dxc4 7.Bxc4 b5 8.Bd3 Bb7
9.e4 b4 10.Na4 c5 11.e5 Nd5 12.Nxc5 Nxc5 13.dxc5 Bxc5 14.O-O h6 15.Nd2 Qc7
16.Ne4 Be7 17.Re1 Qxe5 18.Ng5 Qd6 19.Qh5 Bxg5 20.Bxg5 Kf8 21.Rad1 Kg8 22.Bc1 Rc8
23.Qh4 a5 24.a3 Qd8 25.Qg3 Qc7 26.Qg4 Nf6 27.Qd4 Qc6 28.f3 bxa3 29.bxa3 Qc5
30.Qxc5 Rxc5 31.Bd2 g5 32.Rb1 Bd5 33.Rec1 Rxc1+ 34.Rxc1 Kg7 35.Bxa5 Ra8 36.Bb4 Nh5
37.Kf2 Nf4 38.Bf1 Bb7 39.Ke3 Ba6 40.Bxa6 Rxa6 41.g3 Nd5+ 42.Kd4 h5 43.Bc5 Kf6
44.Kc4 g4 45.fxg4 hxg4 46.Rb1 Ra4+ 47.Kb3 Ra8 48.Ra1 Ke5 49.a4 Nf6 50.Rd1 Ne4
51.Bb6 Rb8 52.a5 Nf6 53.Kc4 Nd5 54.Bc5 Ra8 55.Re1+ Kf5 56.Ra1 Ra6 57.Bd4 Ke4
58.Ra3 f5 59.Bc5 f4 60.gxf4 Kxf4 61.Kd4 Kf5 62.Ra4 Nf4 63.Kc4 Nd5 64.Bf2 Kf6
65.Bg3 Ra8 66.Ra3 Ke7 67.Kb5 Kd7 68.a6 Kc8 69.Bd6 Kd7 70.Be5 Nc7+ 71.Bxc7 Kxc7
72.Rc3+ Kd6 73.Rc4 Rb8+ 74.Ka5 Rc8 75.Rxg4 Rc5+ 76.Kb6 Rc2 77.h4 Rb2+ 78.Ka5 Kc6
79.Rc4+ Kd5 80.Rb4 Ra2+ 81.Kb6 e5 82.a7 e4 83.Rb5+ Kd6 84.Ra5 Rb2+ 85.Ka6  1-0

[Event "XIII Open"]
[Site "Malaga ESP"]
[Date "2010.02.20"]
[Round "1"]
[White "Picasso Gallego,N"]
[Black "Korneev,O"]
[Result "0-1"]
[WhiteElo "1974"]
[BlackElo "2573"]

1.d4 d5 2.c4 e6 3.Nc3 c6 4.e3 Nf6 5.Nf3 Nbd7 6.Bd3 dxc4 7.Bxc4 b5 8.Bd3 a6
9.O-O c5 10.b3 Bb7 11.Bb2 Rc8 12.Qe2 Bd6 13.Rac1 O-O 14.Rfd1 cxd4 15.Nxd4 Qe7
16.Nb1 Nc5 17.Bc2 Rc7 18.Nd2 Rfc8 19.Bb1 g6 20.N4f3 Ncd7 21.Rxc7 Rxc7 22.Nf1 Nd5
23.Qd3 Ba3 24.Bxa3 Qxa3 25.Nd4 Nc3 26.Rd2 Be4  0-1

[Event "Brazil Open"]
[Site "Rio de Janeiro BRA"]
[Date "2010.02.20"]
[Round "3"]
[White "Santiago,Y"]
[Black "Rodrigues,Ne"]
[Result "1-0"]
[WhiteElo "2256"]
[BlackElo "2017"]

1.Nf3 d5 2.d4 Nf6 3.c4 c6 4.Nc3 e6 5.e3 Nbd7 6.Be2 Bd6 7.O-O O-O 8.Qc2 Qe7
9.Rd1 a6 10.a4 a5 11.e4 dxe4 12.Nxe4 Nxe4 13.Qxe4 Re8 14.Bd3 Nf8 15.Bd2 Ng6
16.Re1 Bb4 17.Bc3 Bd7 18.Ne5 Rad8 19.c5 Qf6 20.Nc4 Bc8 21.Rad1 Rd5 22.Ne3 Rdd8
23.Bxb4 axb4 24.Bf1 Qf4 25.Qxf4 Nxf4 26.Nc2 e5 27.dxe5 Ne6 28.Nxb4 Nxc5 29.a5 Be6
30.a6 Nxa6 31.Bxa6 bxa6 32.Nxa6 Bb3 33.Rc1 Bd5 34.b4 Re7 35.Nc5 Rb8 36.Rb1 g6
37.f4 Ra7 38.Rb2 Rba8 39.Kf2 h5 40.Rd1 Ra2 41.Rdd2 Rxb2 42.Rxb2 Ra3 43.Nd7 Kg7
44.Nf6 Be6 45.h3 Ra1 46.Kg3 Rf1 47.b5 cxb5 48.Rxb5 h4+ 49.Kxh4 Rxf4+ 50.g4 Rf3
51.Rb8 Rxf6 52.exf6+ Kxf6 53.Rb6 Kg7 54.Kg5 Bc4 55.Kf4 Kh6 56.h4 Kg7 57.Ke5 Ba2  1-0

[Event "IFPX Categoria A"]
[Site "Sao Paulo BRA"]
[Date "2010.02.20"]
[Round "2"]
[White "Mandetta,J"]
[Black "Jukemura,L"]
[Result "0-1"]
[WhiteElo "2080"]
[BlackElo "2128"]

1.d4 d5 2.c4 c6 3.Nf3 Nf6 4.Nc3 e6 5.e3 Nbd7 6.Qc2 Bd6 7.Be2 O-O 8.b3 dxc4
9.bxc4 e5 10.O-O Re8 11.Re1 Qe7 12.Bb2 e4 13.Nd2 Nf8 14.Nf1 Bg4 15.f3 exf3
16.Bxf3 Qd7 17.Qf2 Bb4 18.Ng3 h5 19.Bxg4 Qxg4 20.Qf3 Bxc3 21.Bxc3 Ne4 22.Nxe4 Rxe4
23.Rab1 b6 24.a4 Rae8 25.Qxg4 hxg4 26.a5 Rxe3 27.axb6 axb6 28.Kf2 Rxe1 29.Bxe1 Nd7
30.Ra1 Re4 31.Bc3 c5 32.Re1 Rxe1 33.Kxe1 cxd4 34.Bxd4 f5 35.Ke2 Kf7 36.h4 gxh3
37.gxh3 g5 38.Kf3 Kg6 39.Kg3 Nc5 40.Kf3 Kh5 41.Kg3 Nd7 42.Bg1 f4+ 43.Kg2 Kg6
44.Bd4 Kf5 45.Kf2 Ke4 46.Bg7 Ne5 47.Bf6 Kf5 48.Be7 Nxc4 49.Bb4 Ne5 50.Be7 Nc6  0-1

[Event "XIII Open"]
[Site "Malaga ESP"]
[Date "2010.02.21"]
[Round "2"]
[White "Ortiz Suarez,I"]
[Black "Garcia Rodriguez,Vi"]
[Result "1-0"]
[WhiteElo "2527"]
[BlackElo "2137"]

1.d4 d5 2.c4 e6 3.Nc3 Nf6 4.Nf3 c6 5.e3 Nbd7 6.Bd3 dxc4 7.Bxc4 b5 8.Bd3 Be7
9.O-O O-O 10.e4 Nb6 11.Qc2 h6 12.b3 Bb7 13.a4 b4 14.Ne2 a5 15.Rd1 Rc8 16.Bb2 Qc7
17.Rac1 Qb8 18.Ng3 Rfd8 19.Qe2 Qa8 20.e5 Nfd7 21.Qe4 Nf8 22.Qg4 c5 23.Nh5 g6
24.dxc5 Bxf3 25.gxf3 Rxc5 26.Rxc5 Bxc5 27.Nf6+ Kg7 28.Kg2 Be7 29.h4 Qb8 30.h5 Bxf6
31.exf6+ Kh8 32.Bxg6 Nxg6 33.Rh1 Qf4 34.hxg6  1-0

[Event "XIII Open"]
[Site "Malaga ESP"]
[Date "2010.02.21"]
[Round "3"]
[White "Ivanov,Jo"]
[Black "Korneev,O"]
[Result "0-1"]
[WhiteElo "2409"]
[BlackElo "2573"]

1.d4 d5 2.c4 e6 3.Nc3 c6 4.e3 Nf6 5.Nf3 Nbd7 6.Qc2 Bd6 7.Bd2 O-O 8.h3 h6
9.Be2 dxc4 10.Bxc4 b5 11.Bb3 Ba6 12.e4 e5 13.dxe5 Nxe5 14.Nxe5 Bxe5 15.O-O-O b4
16.Na4 Bd3 17.Qc5 Bd4 18.Qxb4 c5 19.Qa5 Nxe4 20.Qxd8 Rfxd8 21.Ba5 Nxf2  0-1

[Event "XIII Open"]
[Site "Malaga ESP"]
[Date "2010.02.21"]
[Round "3"]
[White "Gavilan Diaz,M"]
[Black "Recuero Guerra,D"]
[Result "0-1"]
[WhiteElo "2278"]
[BlackElo "2480"]

1.d4 Nf6 2.c4 e6 3.Nf3 d5 4.Nc3 c6 5.e3 Nbd7 6.Bd3 dxc4 7.Bxc4 b5 8.Bd3 Bd6
9.O-O O-O 10.e4 e5 11.Re1 exd4 12.Nxd4 Ne5 13.Bc2 Bc5 14.Nb3 Nfg4 15.Nxc5 Qh4
16.Qd2 Qxh2+ 17.Kf1 Qh1+ 18.Ke2 Qxg2 19.Qf4 Nxf2 20.Rg1 Qxg1 21.Qxe5 Bg4+
22.Kd2 Rad8+  0-1

[Event "Brazil Open"]
[Site "Rio de Janeiro BRA"]
[Date "2010.02.21"]
[Round "4"]
[White "Brunner Beamud,A"]
[Black "Abdalla,L"]
[Result "0-1"]
[WhiteElo "2038"]
[BlackElo "2219"]

1.d4 d5 2.c4 e6 3.Nc3 c6 4.e3 Nf6 5.Nf3 Nbd7 6.Bd3 Bd6 7.b3 O-O 8.O-O b6
9.Bb2 Bb7 10.Rc1 Qe7 11.cxd5 exd5 12.Re1 Ne4 13.Qc2 f5 14.g3 Rae8 15.Bf1 Qf7
16.Bg2 Qh5 17.Qd1 Re6 18.Ne2 g5 19.Ne5 Nxe5 20.dxe5 Bxe5 21.Bxe5 Rxe5 22.Nd4 Qxd1
23.Rexd1 c5 24.Ne2 Re7 25.Nc3 Nxc3 26.Rxc3 Rd8 27.Rcd3 Red7 28.a4 Kf7 29.f3 d4
30.e4 fxe4 31.fxe4 Re7 32.Re1 Rde8 33.b4 Bxe4 34.Bxe4 Rxe4 35.Rf1+ Kg7 36.bxc5 bxc5
37.Rff3 R8e7  0-1

[Event "Brazil Open"]
[Site "Rio de Janeiro BRA"]
[Date "2010.02.21"]
[Round "4"]
[White "Gomez,Gu"]
[Black "Mariano,M"]
[Result "1/2-1/2"]
[WhiteElo "2128"]
[BlackElo "2013"]

1.d4 Nf6 2.Nf3 d5 3.c4 c6 4.e3 e6 5.Nc3 a6 6.Bd3 dxc4 7.Bxc4 b5 8.Bd3 Bb7
9.O-O Nbd7 10.a4 Be7 11.Qe2 b4 12.Ne4 c5 13.Nfd2 cxd4 14.exd4 O-O 15.Rd1 Nb6
16.Nxf6+ Bxf6 17.Ne4 Bxd4 18.Ng5 h6 19.Be3 e5 20.Qh5 Nd5 21.Bh7+ Kh8 22.Nxf7+ Rxf7
23.Qxf7 Nxe3 24.fxe3 Bxe3+ 25.Kh1 Bxg2+ 26.Kxg2 Qg5+ 27.Kh1 Kxh7 28.Qf3 Rc8
29.Qe4+ Kh8 30.Rf1 Bd4 31.Rf5 Rc1+ 32.Rf1 Rc8 33.Rae1 a5 34.b3 Qd8 35.Rf7 Qd6
36.Ref1 Kg8 37.Qg2 e4 38.Qxe4 Qe5 39.Qxe5 Bxe5 40.R7f5 Bd6 41.Rd5 Rc6 42.Rf2 Bc7
43.Rd3 Rc3 44.Rxc3 bxc3 45.Rc2 Be5 46.Kg2 Kf7 47.Kf3 Ke6 48.Ke4 g5 49.h3 h5
50.Kd3 g4 51.hxg4 hxg4 52.Ke4 g3  1/2-1/2

[Event "IFPX Categoria A"]
[Site "Sao Paulo BRA"]
[Date "2010.02.21"]
[Round "4"]
[White "Santos,Marcu"]
[Black "Aranha Filho,A"]
[Result "1-0"]
[WhiteElo "2394"]
[BlackElo "2294"]

1.d4 d5 2.c4 c6 3.Nc3 Nf6 4.e3 e6 5.Nf3 Nbd7 6.Bd3 Bd6 7.e4 dxe4 8.Nxe4 Nxe4
9.Bxe4 h6 10.O-O O-O 11.Re1 e5 12.Bc2 Bb4 13.Re2 exd4 14.Qd3 Nf6 15.Nxd4 Bg4
16.f3 Bh5 17.Be3 Bg6 18.Qb3 Bc5 19.Rd1 Bxc2 20.Qxc2 Qb6 21.Bf2 Rad8 22.Red2 Rd7
23.Qb3 Rfd8 24.Qxb6 Bxb6 25.Nb3 Rxd2 26.Rxd2 Rxd2 27.Nxd2 Bxf2+ 28.Kxf2 Kf8
29.Nb3 b6 30.Nd4 c5 31.Nf5 Ne8 32.g4 f6 33.h4 Kf7 34.h5 g6 35.hxg6+ Kxg6
36.Ne7+ Kf7 37.Nc8 Ke6 38.Nxa7 Nd6 39.b3 f5 40.Ke3 fxg4 41.fxg4 Ke5 42.Nb5 Ne4
43.Kf3 Nd2+ 44.Kg3 Ne4+ 45.Kh4 Ke6 46.Nc7+ Kd6 47.Nd5 b5 48.Ne3 bxc4 49.bxc4 Ke5
50.a4 Nd6 51.a5 Nc8 52.Kh5 Kd4 53.Kxh6 Kxe3 54.g5 Kd4 55.g6 Kxc4 56.g7 Ne7
57.a6 Kb3 58.a7 Nf5+ 59.Kh7 Nxg7 60.Kxg7 c4 61.a8=Q c3 62.Qb7+ Kc2 63.Qa6 Kb2
64.Qb5+ Ka2 65.Qc4+ Kb2 66.Qb4+ Kc2 67.Kf6 Kd3 68.Qd6+ Ke3 69.Qe5+ Kd3 70.Qd5+ Ke3
71.Qd1  1-0

[Event "IFPX Categoria A"]
[Site "Sao Paulo BRA"]
[Date "2010.02.21"]
[Round "4"]
[White "Da Silva,E"]
[Black "Jukemura,L"]
[Result "1-0"]
[WhiteElo "1913"]
[BlackElo "2128"]

1.d4 d5 2.c4 c6 3.Nc3 Nf6 4.e3 e6 5.Nf3 Nbd7 6.Bd3 Bd6 7.e4 dxe4 8.Nxe4 Nxe4
9.Bxe4 O-O 10.O-O h6 11.Bc2 e5 12.b4 Bxb4 13.dxe5 Nc5 14.Qe2 Re8 15.Rb1 Qa5
16.Qe3 Ne6 17.Qe4 Nf8 18.Rd1 Bc5 19.Bd2 Qc7 20.Bc3 Be6 21.Qh4 Rad8 22.Nd2 Ng6
23.Qg3 Bd4 24.Bxg6 fxg6 25.Re1 Bxc3 26.Qxc3 Bf5 27.Rb3 b6 28.Qb2 Rd7 29.Rbe3 Rd3
30.Nf3 Rxe3 31.Rxe3 c5 32.h3 Be6 33.Qc3 Rd8 34.Rd3 g5 35.Qd2 Rxd3 36.Qxd3 Qf7
37.Nd2 Qf5 38.Qd6 Kh7 39.a4 Bf7 40.a5 Qe6 41.Qc7 Bg6 42.axb6 axb6 43.Qd6 Qxd6
44.exd6 Bf5 45.g4 Bd7 46.Nf3 b5 47.Ne5 b4 48.Nxd7 b3 49.Nf8+ Kg8 50.d7 b2
51.d8=Q b1=Q+ 52.Kh2 Qe4 53.Ne6+ Kh7 54.Qd5  1-0

[Event "ch-IND National Teams"]
[Site "Gurgaon IND"]
[Date "2010.02.22"]
[Round "3"]
[White "Nitul,K"]
[Black "Santu,M"]
[Result "1/2-1/2"]
[WhiteElo "1659"]
[BlackElo "2195"]

1.d4 d5 2.c4 e6 3.Nc3 c6 4.e3 Nf6 5.Nf3 Nbd7 6.Bd3 dxc4 7.Bxc4 b5 8.Bd3 a6
9.O-O Bb7 10.a3 c5 11.dxc5 Nxc5 12.Bc2 Qc7 13.b4 Ncd7 14.Bb2 Bd6 15.h3 Ne5
16.Nd2 Rd8 17.Qe2 Ng6 18.Rac1 Qb8 19.Nce4 Bh2+ 20.Kh1 Be5 21.Bxe5 Qxe5 22.Nf3 Qh5
23.Nd4 Qh6 24.Nxf6+ gxf6 25.f3 Nh4 26.Kh2 Rg8 27.g3 Rxd4 28.exd4 Nxf3+ 29.Rxf3 Bxf3
30.Qe1 Rg5 31.h4 Rg4 32.Bd3 Rxd4 33.Rc8+ Rd8 34.Qc3 Bd5 35.Bf1 Qg6 36.Qc7 Rxc8
37.Qxc8+ Ke7 38.Qc5+ Kd7 39.Qa7+ Kd6 40.Qxa6+ Bc6 41.Bxb5 Qc2+ 42.Be2 Qe4
43.Qd3+ Qxd3 44.Bxd3 f5 45.Kg1 Ke5 46.b5 Bb7 47.Kf2 Kd4 48.Ke2 Kc3 49.a4 Kb4
50.Bc2 Bc8 51.Ke3 e5 52.Bd1 Bb7 53.Bc2 Bc8 54.Kf3 Kc3 55.Bd1 Kb4 56.Bc2  1/2-1/2

[Event "Max Euwe Challenge"]
[Site "Amsterdam NED"]
[Date "2010.02.23"]
[Round "5"]
[White "Motoc,A"]
[Black "Bezemer,A"]
[Result "1/2-1/2"]
[WhiteElo "2349"]
[BlackElo "2343"]

1.d4 d5 2.c4 c6 3.Nf3 Nf6 4.Nc3 e6 5.e3 Nbd7 6.Bd3 dxc4 7.Bxc4 b5 8.Bd3 a6
9.O-O c5 10.a4 b4 11.Ne4 Bb7 12.Ng3 Bd6 13.Ng5 h6 14.N5e4 Nxe4 15.Nxe4 Bxe4
16.Bxe4 Bxh2+ 17.Kxh2 Qh4+ 18.Kg1 Qxe4 19.a5 O-O 20.Ra4 Rab8 21.Bd2 Rfd8
22.Qc1 Rb5 23.Rd1 Qb7 24.Be1 Rc8 25.Qd2 cxd4 26.Rxb4 Rxb4 27.Qxb4 Qxb4 28.Bxb4 dxe3
29.fxe3 Ne5 30.Bc3 Nc4 31.Kf2 Nxb2 32.Bxb2 Rc2+ 33.Kf3 Rxb2 34.Rd6 Ra2 35.Rxa6 g5
36.g4 Kg7 37.Ra8 Kf6 38.a6 Ke5 39.a7 Ra3 40.Rh8 Rxa7 41.Rxh6 Ra4 42.Rh8 f5
43.gxf5 g4+ 44.Kg3 exf5 45.Re8+ Kf6 46.Rf8+ Ke6 47.Re8+ Kf7 48.Re5 Kf6 49.Re8 Ra2
50.Rf8+ Ke6 51.Re8+ Kf7 52.Re5 Kf6 53.Re8 Re2 54.Kf4 Rf2+ 55.Kg3 Rf1 56.Kh2 Rf2+
57.Kg3 Rf1 58.Kh2 Ra1 59.Kg3 Ra4 60.Kh4 Ra3 61.Kg3 Ra5 62.Kf4 Ra4+ 63.Kg3 Ra1
64.Kf4 Rg1 65.Rf8+ Ke6 66.Re8+ Kd7 67.Rg8 Rf1+ 68.Ke5 Kc6  1/2-1/2

[Event "ch-IND National Teams"]
[Site "Gurgaon IND"]
[Date "2010.02.23"]
[Round "4"]
[White "Laxman,R"]
[Black "Arun Prasad,S"]
[Result "0-1"]
[WhiteElo "2503"]
[BlackElo "2567"]

1.Nf3 d5 2.d4 Nf6 3.c4 c6 4.Nc3 e6 5.e3 Nbd7 6.Qc2 Bd6 7.Bd3 O-O 8.O-O dxc4
9.Bxc4 a6 10.a4 c5 11.Rd1 cxd4 12.exd4 Qc7 13.Qe2 Re8 14.Bg5 b6 15.Rac1 Bb7
16.Bd3 Qb8 17.Ne4 Bf4 18.Bxf4 Qxf4 19.Nfd2 Red8 20.Qe3 Nd5 21.Qxf4 Nxf4 22.Bf1 Nf6
23.Nxf6+ gxf6 24.Nc4 Rab8 25.g3 Nd5 26.Ne3 Rd7 27.Nxd5 Rxd5 28.Rc7 Rd6 29.Be2 Bc6
30.b3 a5 31.f3 b5 32.axb5 Bxb5 33.Bxb5 Rxb5 34.Ra7 Rxb3 35.Rxa5 Rxf3 36.Ra8+ Kg7
37.Ra7 Rb3 38.Rc1 Rb8 39.Rcc7 Rf8 40.Rd7 Rxd7 41.Rxd7 Ra8 42.Kg2 Ra2+ 43.Kh3 Rd2
44.g4 Kg6 45.Kg3 Rd3+ 46.Kh4 Kg7 47.Rd8 Rf3 48.d5 Rd3 49.d6 h6 50.Rd7 Rd5
51.Kg3 f5 52.gxf5 Rxf5 53.Ra7 Rd5 54.d7 Kg6 55.h4 h5 56.Kf4 f6 57.Rb7 e5+
58.Ke4 Rd4+ 59.Ke3 Kf5 60.Ra7 Rd6 61.Rb7 Ke6 62.Rb8 Rxd7 63.Rh8 Kf5 64.Rxh5+ Kg6
65.Rh8 Rh7  0-1

[Event "ch-IND National Teams"]
[Site "Gurgaon IND"]
[Date "2010.02.23"]
[Round "4"]
[White "Suvrajit,S"]
[Black "Srivastava,Mi"]
[Result "1-0"]
[WhiteElo "2343"]
[BlackElo "1966"]

1.d4 d5 2.Nf3 Nf6 3.c4 e6 4.Nc3 c6 5.e3 Bd6 6.Bd3 Nbd7 7.e4 dxe4 8.Nxe4 Be7
9.O-O Nf8 10.Bd2 Ng6 11.Re1 O-O 12.Bc3 Qc7 13.b4 b6 14.Rc1 Rd8 15.Qc2 Ba6
16.Neg5 Ng4 17.Nxf7 Kxf7 18.Bxg6+ hxg6 19.Qe4 Nh6 20.Qxe6+ Kf8 21.Ne5 Rd6
22.Nxg6+ Ke8 23.Qxe7+ Qxe7 24.Rxe7+ Kd8 25.Rce1 Rc8 26.Re8+ Kc7 27.R1e7+ Rd7
28.Ne5 Rxe8 29.Rxd7+ Kc8 30.Rxg7  1-0